| 000 | 01541nam a2200313 a 4500 | ||
|---|---|---|---|
| 001 | ASIN0964920506 | ||
| 005 | 20170105102934.0 | ||
| 008 | 150707s1995 xxu eng d | ||
| 020 |
_a0964920506 (paperback) _c$19.95 |
||
| 020 | _a9780964920507 (paperback) | ||
| 040 | _a0 | ||
| 050 | 0 | 4 | _aHV7936.J63 |
| 082 | 0 | 4 |
_a364.4 _bSID 1995 |
| 100 | 1 | _aSiddle, Bruce K. | |
| 245 | 1 | 0 |
_aSharpening the warriors edge : _bthe psychology & science of training / _cBruce K. Siddle. |
| 250 | _a1st ed. | ||
| 260 |
_a[S.l.] : _bPPCT Research Publications, _c1995. |
||
| 300 |
_a148 p. ; _c25 cm. |
||
| 520 | _aSharpening the Warrior's Edge is the first text which examines survival and combat performance from a scientific perspective. Author Bruce K. Siddle methodically brings together one hundred years of research which identifies the relationship between survival stress, the heart rate and combat performance. Most importantly, Siddle explores the psychological and spiritual components which establish the warrior mindset. This pioneering test is a must read for present-day warriors, or anyone involved in use of force, combat or martial arts training. | ||
| 650 | 0 | _aCombat survival | |
| 650 | 0 | _aCombat--Physiological aspects | |
| 650 | 0 | _aCombat--Psychological aspects | |
| 650 | 0 | _aCriminal justice personnel--Training of | |
| 650 | 0 | _aPhysical fitness | |
| 650 | 0 | _aStress management | |
| 650 | 0 | _aSurvival | |
| 856 | 4 | 0 |
_3Amazon.com _uhttp://www.amazon.com/exec/obidos/ASIN/0964920506/chopaconline-20 |
| 942 |
_2ddc _cBK |
||
| 999 |
_c16170 _d16170 |
||